00371 a2200109 4500001001000000005001700010008004100027245006000068100002500128700002300153773008500176ART_6159420260410162056.0260409a 10aLa voluntad del legislador y la ley penal más benigna1 aBorinsky, Mariano H.1 aRubinska, Julián0 tTemas de derecho penal y procesal penalg- Año 5, N° 11 (nov. 2023)wREV60798